[Event "TUR Cup"]
[White "Batmaz, Onur Utku"]
[Black "Ozdemir, Serhan Berat"]
[Site "Denizli"]
[Round "2"]
[Result "0-1"]
[Date "2024.07.31"]
[WhiteElo "1708"]
[BlackElo "2194"]
[PlyCount "98"]
[EventDate "2024.07.30"]
[EventType "swiss"]
[EventRounds "11"]
[EventCountry "TUR"]
[SourceTitle "EXT 2025"]
[Source "ChessBase"]
[SourceDate "2024.10.14"]
[SourceVersion "1"]
[SourceVersionDate "2024.10.14"]
[SourceQuality "1"]

1. Nf3 Nf6 2. g3 g6 3. Bg2 Bg7 4. c4 0-0 5. 0-0 d6 6. d4 c6 7. Nc3 Qb6 8. Qc2 Qa6 9. Nd2 Nbd7 10. b4 Qb6 11. b5 Qxd4 12. bxc6 bxc6 13. Bxc6 Rb8 14. Bb2 Qb6 15. Bb5 a6 16. Bxd7 Qxb2 17. Qxb2 Rxb2 18. Bxc8 Rxc8 19. Rfd1 Nd7 20. Nd5 Kf8 21. Rab1 Rcb8 22. Kf1 Rxa2 23. Rxb8+ Nxb8 24. Ne4 Ra1 25. Rxa1 Bxa1 26. c5 f5 27. Ng5 h6 28. Ne6+ Kf7 29. Ndc7 Nc6 30. cxd6 exd6 31. Nf4 a5 32. Nb5 Be5 33. Nd3 Ke6 34. Nc7+ Kd7 35. Nd5 Ne7 36. Nb6+ Kc6 37. Nxe5+ dxe5 38. Nc4 Kb5 39. Nxe5 a4 40. Nd3 a3 41. Nc1 Nd5 42. f3 Nb4 43. e4 fxe4 44. fxe4 a2 45. Nxa2 Nxa2 46. Kf2 Kc5 47. Kf3 Kd4 48. h4 Nc3 49. h5 g5 0-1

[Event "TUR-chT 2nd League"]
[White "Yamakoglu, Mustafa Ege"]
[Black "Batmaz, Onur Utku"]
[Site "Denizli"]
[Round "7.12"]
[Result "1-0"]
[Date "2024.07.19"]
[WhiteElo "1818"]
[BlackElo "1739"]
[PlyCount "49"]
[EventDate "2024.07.15"]
[EventType "team-swiss"]
[EventRounds "9"]
[EventCountry "TUR"]
[SourceTitle "EXT 2025"]
[Source "ChessBase"]
[SourceDate "2024.10.14"]
[SourceVersion "1"]
[SourceVersionDate "2024.10.14"]
[SourceQuality "1"]
[WhiteTeam "Karaman Yunus Emre"]
[BlackTeam "Gaziantep Sader"]
[WhiteTeamCountry "TUR"]
[BlackTeamCountry "TUR"]

1. e4 c5 2. Nc3 Nc6 3. Bb5 Nd4 4. Nf3 a6 5. Bd3 g6 6. 0-0 Bg7 7. a4 b6 8. Nxd4 cxd4 9. Ne2 e6 10. c3 dxc3 11. bxc3 Ne7 12. Rb1 d5 13. exd5 Qxd5 14. Nf4 Qd6 15. Be4 Rb8 16. d4 Bb7 17. Bxb7 Rxb7 18. Qf3 Qc6 19. Qd3 b5 20. axb5 axb5 21. Ba3 0-0 22. Bxe7 Rxe7 23. Rxb5 e5 24. dxe5 Rxe5 25. Rxe5 1-0

[Event "TUR-chT 2nd League"]
[White "Kisadere, Kutay"]
[Black "Batmaz, Onur Utku"]
[Site "Konya"]
[Round "9.8"]
[Result "1-0"]
[Date "2019.07.28"]
[WhiteElo "1770"]
[BlackElo "1606"]
[PlyCount "93"]
[EventDate "2019.07.22"]
[EventType "team-swiss"]
[EventRounds "9"]
[EventCountry "TUR"]
[SourceTitle "CBM 191 Extra"]
[Source "ChessBase"]
[SourceDate "2019.09.30"]
[SourceVersion "1"]
[SourceVersionDate "2019.09.30"]
[SourceQuality "1"]
[WhiteTeam "Ego Spor"]
[BlackTeam "Gaziantep Sader"]
[WhiteTeamCountry "TUR"]
[BlackTeamCountry "TUR"]

1. e4 c5 2. Nf3 g6 3. d4 cxd4 4. Nxd4 Bg7 5. c4 Nc6 6. Be3 Nf6 7. Nc3 d6 8. Be2 0-0 9. 0-0 Bd7 10. Nc2 Rc8 11. f3 a6 12. Qd2 Ne5 13. Na3 Be6 14. Nd5 Bxd5 15. exd5 Qc7 16. Kh1 Rb8 17. Rac1 Rfc8 18. f4 Neg4 19. Bg1 Ne4 20. Qc2 Nef6 21. h3 Nh6 22. g4 Qd7 23. Qd2 Ne4 24. Qe3 Bxb2 25. Rc2 Bxa3 26. Qxa3 b5 27. Qe3 f5 28. Rfc1 bxc4 29. Bf3 Rb5 30. Bxe4 fxe4 31. Qxe4 Qb7 32. Rd1 c3 33. f5 gxf5 34. gxf5 Rb2 35. Qe6+ Nf7 36. Rdc1 Rb5 37. Rd1 Rb2 38. Rdc1 Rb5 39. Rg2+ Kf8 40. Bd4 Rxd5 41. Rcg1 Rdc5 42. Kh2 Qxg2+ 43. Rxg2 c2 44. Bg7+ Ke8 45. Bb2 Nh6 46. Bc1 Rb8 47. Qxh6 1-0

[Event "TUR-chT 2nd League"]
[White "Batmaz, Onur Utku"]
[Black "Aydogdu, Cagatay"]
[Site "Konya"]
[Round "4.11"]
[Result "0-1"]
[Date "2019.07.24"]
[WhiteElo "1606"]
[BlackElo "1845"]
[PlyCount "46"]
[EventDate "2019.07.22"]
[EventType "team-swiss"]
[EventRounds "9"]
[EventCountry "TUR"]
[SourceTitle "CBM 191 Extra"]
[Source "ChessBase"]
[SourceDate "2019.09.30"]
[SourceVersion "1"]
[SourceVersionDate "2019.09.30"]
[SourceQuality "1"]
[WhiteTeam "Gaziantep Sader"]
[BlackTeam "Marmara Universitesi"]
[WhiteTeamCountry "TUR"]
[BlackTeamCountry "TUR"]

1. Nf3 g6 2. g3 Bg7 3. Bg2 c6 4. c4 d5 5. cxd5 cxd5 6. d4 Nc6 7. Nc3 Nf6 8. Ne5 e6 9. Nxc6 bxc6 10. 0-0 0-0 11. Bg5 Rb8 12. Rb1 Qa5 13. Bf4 Ra8 14. Bd6 Re8 15. Bc5 Nd7 16. Na4 Ba6 17. Re1 e5 18. dxe5 Nxe5 19. Bd4 Nd3 20. exd3 Rxe1+ 21. Qxe1 Bxd4 22. Qc1 Bb5 23. Bxd5 cxd5 0-1

[Event "TUR-chT 2nd League"]
[White "Akdogan, Alperen"]
[Black "Batmaz, Onur Utku"]
[Site "Konya"]
[Round "1.1"]
[Result "1-0"]
[Date "2018.07.16"]
[WhiteElo "2310"]
[BlackElo "1597"]
[PlyCount "55"]
[EventDate "2018.07.16"]
[EventType "team-swiss"]
[EventRounds "9"]
[EventCountry "TUR"]
[SourceTitle "EXT 2019"]
[Source "ChessBase"]
[SourceDate "2018.10.10"]
[SourceVersion "1"]
[SourceVersionDate "2018.10.10"]
[SourceQuality "1"]
[WhiteTeam "Ankara DSI Genclik"]
[BlackTeam "Gaziantep Sader"]
[WhiteTeamCountry "TUR"]
[BlackTeamCountry "TUR"]

1. d4 d5 2. Nf3 Nf6 3. c4 c6 4. Qc2 g6 5. Bf4 Bg7 6. e3 Bf5 7. Bd3 Bxd3 8. Qxd3 dxc4 9. Qxc4 Nbd7 10. Nc3 0-0 11. 0-0 Nh5 12. Be5 Nxe5 13. dxe5 Bh8 14. Rfd1 Qc8 15. Qh4 Re8 16. g4 Ng7 17. Rac1 Qb8 18. Ne4 Ne6 19. Nc5 Nf8 20. Qg3 f6 21. Qf4 fxe5 22. Qc4+ Kg7 23. Ng5 Qc8 24. Qf7+ Kh6 25. Nce6 Nxe6 26. Nxe6 Bf6 27. h4 Rf8 28. Qxf8+ 1-0

[Event "TUR-chT 2nd League"]
[White "Batmaz, Onur Utku"]
[Black "Zor, Alber Kadir"]
[Site "Konya"]
[Round "9.9"]
[Result "1/2-1/2"]
[Date "2017.07.23"]
[WhiteElo "1562"]
[BlackElo "2146"]
[PlyCount "122"]
[EventDate "2017.07.17"]
[EventType "team-swiss"]
[EventRounds "9"]
[EventCountry "TUR"]
[SourceTitle "EXT 2018"]
[Source "ChessBase"]
[SourceDate "2017.10.13"]
[SourceVersion "1"]
[SourceVersionDate "2017.10.13"]
[SourceQuality "1"]
[WhiteTeam "Gaziantep Sader"]
[BlackTeam "Bursa Nida"]
[WhiteTeamCountry "TUR"]
[BlackTeamCountry "TUR"]

1. e4 Nf6 2. e5 Nd5 3. c4 Nb6 4. d4 d6 5. f4 dxe5 6. fxe5 Nc6 7. Be3 Bf5 8. a3 e6 9. Nc3 Qd7 10. h3 Be7 11. Nf3 0-0-0 12. Be2 f6 13. 0-0 fxe5 14. Nxe5 Nxe5 15. dxe5 Qe8 16. Qe1 Qg6 17. Kh1 Bd3 18. Bxd3 Rxd3 19. Bxb6 axb6 20. Qe4 Qxe4 21. Nxe4 Rd4 22. Rae1 Kd8 23. Rd1 Rxd1 24. Rxd1+ Ke8 25. Rf1 h5 26. g3 Rh6 27. Kg2 Bc5 28. Nxc5 bxc5 29. Kf3 Rg6 30. Kf4 Ke7 31. b4 Rh6 32. Kg5 Rh8 33. Kg6 Ra8 34. Rf7+ Ke8 35. Rxc7 Rxa3 36. Kxg7 cxb4 37. Rxb7 Rxg3+ 38. Kf6 b3 39. Kxe6 Kd8 40. h4 Kc8 41. Rb5 Kc7 42. Ke7 Rh3 43. e6 Rxh4 44. Rxb3 Rxc4 45. Rf3 h4 46. Kf7 Kd6 47. e7 Rc7 48. Rd3+ Ke5 49. Rh3 Kd6 50. Kf8 Rxe7 51. Rd3+ Ke6 52. Re3+ Kf5 53. Rxe7 Kg4 54. Rh7 h3 55. Kf7 Kg3 56. Kf6 h2 57. Kf5 Kg2 58. Rg7+ Kf2 59. Rh7 Kg2 60. Kf4 h1Q 61. Rxh1 Kxh1 1/2-1/2

[Event "TUR-chT2"]
[White "Akin, Kadir"]
[Black "Batmaz, Onur Utku"]
[Site "Konya"]
[Round "4.10"]
[Result "1-0"]
[Date "2016.07.19"]
[WhiteElo "1789"]
[BlackElo "1469"]
[PlyCount "69"]
[EventDate "2016.07.17"]
[EventType "team-swiss"]
[EventRounds "9"]
[EventCountry "TUR"]
[SourceTitle "CBM 173 Extra"]
[Source "ChessBase"]
[SourceDate "2016.08.29"]
[SourceVersion "1"]
[SourceVersionDate "2016.08.29"]
[SourceQuality "1"]
[WhiteTeam "Manisa Salihli Sardes"]
[BlackTeam "Gaziantep Sader"]
[WhiteTeamCountry "TUR"]
[BlackTeamCountry "TUR"]

1. e4 c5 2. Nf3 g6 3. c3 Bg7 4. Bc4 e6 5. Qe2 Nc6 6. 0-0 Nge7 7. e5 0-0 8. d4 cxd4 9. cxd4 d5 10. Bb3 Nf5 11. Rd1 Bd7 12. Nc3 Qb6 13. Qd3 f6 14. exf6 Bxf6 15. Be3 Na5 16. Ba4 Bxa4 17. Nxa4 Qd6 18. b3 b6 19. Rac1 Qd7 20. Nc3 Rac8 21. h3 Nb7 22. Ne2 Nbd6 23. Bf4 Ne4 24. Ne5 Qb7 25. Ng4 Bg7 26. f3 Ned6 27. Ne3 Rxc1 28. Rxc1 Qd7 29. Ng4 Nxd4 30. Bh6 Nxe2+ 31. Qxe2 Nf5 32. Bxg7 Nxg7 33. Qe5 Nf5 34. Rc7 Qd8 35. Nh6+ 1-0